Energy Technology : nonconventional, renewable and conventional (Record no. 11252)

000 -LEADER
fixed length control field 00656nam a2200241 a 4500
003 - CONTROL NUMBER IDENTIFIER
control field PK-NaQUE
005 - DATE AND TIME OF LATEST TRANSACTION
control field 20251128092655.0
008 - FIXED-LENGTH DATA ELEMENTS--GENERAL INFORMATION
fixed length control field 251128b ||||| |||| 00| 0 eng d
020 ## - INTERNATIONAL STANDARD BOOK NUMBER
International Standard Book Number 8174090401 (paperback)
020 ## - INTERNATIONAL STANDARD BOOK NUMBER
International Standard Book Number 9788174090409 (paperback)
040 ## - CATALOGING SOURCE
Transcribing agency QUEST
100 1# - MAIN ENTRY--PERSONAL NAME
Personal name Rao, S.
245 10 - TITLE STATEMENT
Title Energy Technology : nonconventional, renewable and conventional
260 ## - PUBLICATION, DISTRIBUTION, ETC. (IMPRINT)
Place of publication, distribution, etc [S.l.] :
Name of publisher, distributor, etc Khanna Publishers,
Date of publication, distribution, etc 2009.
300 ## - PHYSICAL DESCRIPTION
Extent 1144 p. ;
650 ## - SUBJECT ADDED ENTRY--TOPICAL TERM
Topical term or geographic name as entry element Renewable energy sources
650 ## - SUBJECT ADDED ENTRY--TOPICAL TERM
Topical term or geographic name as entry element Power resources
650 ## - SUBJECT ADDED ENTRY--TOPICAL TERM
Topical term or geographic name as entry element Solar energy
650 ## - SUBJECT ADDED ENTRY--TOPICAL TERM
Topical term or geographic name as entry element Wind power
650 ## - SUBJECT ADDED ENTRY--TOPICAL TERM
Topical term or geographic name as entry element Water-power
700 1# - ADDED ENTRY--PERSONAL NAME
Personal name Parulekar, B. B
942 ## - ADDED ENTRY ELEMENTS (KOHA)
Koha item type Books
Source of classification or shelving scheme
Holdings
Withdrawn status Lost status Damaged status Not for loan Permanent Location Current Location Date acquired Cost, normal purchase price Full call number Barcode Date last seen Price effective from Koha item type Source of classification or shelving scheme Shelving location
        Reference Section Reference Section 2017-09-08 637.00 621.042RAO (Shelf - 42C) 56031 2017-09-08   Books   Reference
        Central Library, QUEST, Nawabshah Seminar Library, Energy & Environ. Engg. 2014-10-29 660.00 621.042RAO 35150 2014-10-29 2014-10-29 Books    
        Central Library, QUEST, Nawabshah Seminar Library, Energy & Environ. Engg. 2014-10-29 660.00 621.042RAO 35151 2014-10-29 2014-10-29 Books    
        Central Library, QUEST, Nawabshah Seminar Library, Energy & Environ. Engg. 2014-10-29 660.00 621.042RAO 35152 2014-10-29 2014-10-29 Books    
        Central Library, QUEST, Nawabshah Seminar Library, Energy & Environ. Engg. 2014-10-29 660.00 621.042RAO 35153 2014-10-29 2014-10-29 Books    
        Central Library, QUEST, Nawabshah Seminar Library, Energy & Environ. Engg. 2014-10-29 660.00 621.042RAO 35154 2014-10-29 2014-10-29 Books    

Copyright © 2018,The QUEST, Nawabshah, Shaheed Benazirabad. All rights reserved
Mr. G. Farooq Channar (Librarian) QUEST, Nawabshah, Sindh, Pakistan 67480.
 Ph#: |   0244-9370381-4 Ext. 2308   Email| lib@quest.edu.pk   Web|  http://www.quest.edu.pk